Preservation and conservation for libraries and archives
Sparad:
| Huvudupphovsmän: | , |
|---|---|
| Materialtyp: | Bok |
| Språk: | engelska |
| Publicerad: |
Chicago
American Library Association
2005
|
| Ämnen: | |
| Taggar: |
Lägg till en tagg
Inga taggar, Lägg till första taggen!
|
MARC
| LEADER | 00000nam a2200000 a 4500 | ||
|---|---|---|---|
| 001 | UCK7793 | ||
| 003 | CL-VaPUC | ||
| 008 | 051216e20050000US |||||||||||||||||eng|d | ||
| 020 | |a 0838908799 | ||
| 082 | 0 | 4 | |a 025.84 |b BAL |2 21 |
| 100 | 0 | |a Balloffet, Nelly |e author |9 497418 | |
| 700 | 0 | |a Hille, Jenny |e author |9 497419 | |
| 245 | 1 | 0 | |a Preservation and conservation for libraries and archives |
| 300 | |a 214 p | ||
| 942 | |c BK | ||
| 945 | |d 20051216 00:00:00 |a cmena | ||
| 260 | |a Chicago |b American Library Association |c 2005 | ||
| 650 | 0 | |a Materiales bibliográficos |9 404243 | |
| 650 | 0 | |a Bibliotecas |9 334508 | |
| 650 | 0 | |a Archivos |9 322428 | |
| 650 | 7 | |a CONSERVACION |2 CL-VaPUC |9 259519 | |
| 650 | 7 | |a RESTAURACION |2 CL-VaPUC |9 411453 | |
| 650 | 0 | |a Manuales |9 257144 | |
| 583 | |a last modification |c 20051216 00:00:00 |k Rodrigo Vera | ||
| 999 | |c 315638 |d 315636 | ||
| 952 | |0 0 |1 0 |4 0 |6 025_840000000000000_BAL_2005 |7 0 |8 X |9 389189 |a FDOMLP |b FDOMLP |d 2019-11-22 |i 4192966 |o 025.84 BAL 2005 |p 4192966 |r 2019-11-22 |w 2019-11-22 |y BK_X |k BU2 | ||